000 00364nam a2200157Ia 4500
003 Ost
005 20260225132551.0
008 260225s9999||||xx |||||||||||||| ||und||
040 _cfsic
041 _afre
082 _a791.43
100 _aCitevox editeur
_eAuteur
245 0 _aLa saison cinemathographique 58 /
245 0 _cCitevox editeur
942 _cكتاب
999 _c34147
_d34147